000 00758nam a2200277Ia 4500
001 Para_7854
003 CHAP
008 220125s1925 xx 000 0 und d
010 _a206803
040 _cCHAP
082 _aPA-C 633.15 B84
100 _aWare, J.O.
_9171984
245 _aCotton variety experiments /
_c by J.O. Ware
260 _aFayetteville, Arkansas :
_b University of Arkansas
300 _a27 p.
440 _aBulletin; 197
_9173102
500 _aEncuadernado con otros impresos similares
650 _aAlgodón
_x variedades
_94068
901 _aPA-C 633.15 B84
902 _aA
905 _a0000001925 0000000000 00
910 _a1925
942 _cPARA
942 _cPARA
_d1
999 _c206803
_d206803